Gordon Ramsay's TV Shows (UK and USA) Quiz Stats

 Plays Quiz not verified by Sporcle

Challenge
Share
Tweet
Embed
Score 0/9 Timer 04:00
0 Plays Today
Country TV Show % Correct
USA & UKHell's Kitchen
95.4%
USA & UKKitchen Nightmares
91.1%
USA & UKMasterchef
65.2%
UKF Word
57.2%
UKRamsay's Boiling Point
11.7%
UKGordon's Great Escape
11.1%
UKRamsay's Best Restaurant
9.5%
UKGordon Ramsay: Cookalong Live
7.7%
UKGordon Ramsay: Beyond Boiling Point
4.3%

You're not logged in!

Compare scores with friends on all Sporcle quizzes.
Join for Free
OR
Log In

You Might Also Like...

Show Comments

Extras

Top Quizzes Today


Score Distribution

Your Account Isn't Verified!

In order to create a playlist on Sporcle, you need to verify the email address you used during registration. Go to your Sporcle Settings to finish the process.

Report this User

Report this user for behavior that violates our Community Guidelines.

Details: